<?xml version="1.0" encoding="UTF-8"?>
<record
    xmlns:xsi="http://www.w3.org/2001/XMLSchema-instance"
    xsi:schemaLocation="http://www.loc.gov/MARC21/slim http://www.loc.gov/standards/marcxml/schema/MARC21slim.xsd"
    xmlns="http://www.loc.gov/MARC21/slim">

  <leader>03558nam a2200325 a 4500</leader>
  <controlfield tag="001">000037743</controlfield>
  <controlfield tag="003">DO-SdBNP</controlfield>
  <controlfield tag="005">20230505103240.0</controlfield>
  <controlfield tag="008">130305s2012    dr   000 0 spa d</controlfield>
  <datafield tag="020" ind1=" " ind2=" ">
    <subfield code="a">9789993446170</subfield>
  </datafield>
  <datafield tag="040" ind1=" " ind2=" ">
    <subfield code="a">DO-SdBNP</subfield>
    <subfield code="b">spa</subfield>
    <subfield code="c">BPMSU</subfield>
  </datafield>
  <datafield tag="082" ind1=" " ind2="4">
    <subfield code="a">801.93</subfield>
    <subfield code="b">R789b 2012</subfield>
    <subfield code="2">22</subfield>
  </datafield>
  <datafield tag="100" ind1="1" ind2=" ">
    <subfield code="a">Rosario Candelier, Bruno,</subfield>
    <subfield code="d">1941-</subfield>
  </datafield>
  <datafield tag="245" ind1="1" ind2="3">
    <subfield code="a">La belleza y el sentido :</subfield>
    <subfield code="b">teor&#xED;a de la creaci&#xF3;n literaria /</subfield>
    <subfield code="c">Bruno Rosario Candelier ; editor Jos&#xE9; Enrique Garc&#xED;a </subfield>
  </datafield>
  <datafield tag="246" ind1="1" ind2="3">
    <subfield code="a">Teor&#xED;a de la creaci&#xF3;n literaria </subfield>
  </datafield>
  <datafield tag="260" ind1=" " ind2=" ">
    <subfield code="a">Santo Domingo :</subfield>
    <subfield code="b"> Ateneo Insular,</subfield>
    <subfield code="c">2012.</subfield>
  </datafield>
  <datafield tag="300" ind1=" " ind2=" ">
    <subfield code="a">488 p. ;</subfield>
    <subfield code="c">24 cm.</subfield>
  </datafield>
  <datafield tag="490" ind1="0" ind2=" ">
    <subfield code="a">Por las amenas liras,</subfield>
    <subfield code="v">13</subfield>
  </datafield>
  <datafield tag="500" ind1=" " ind2=" ">
    <subfield code="a">Incluye datos biogr&#xE1;ficos del autor en las solapas de la cubierta.</subfield>
  </datafield>
  <datafield tag="505" ind1=" " ind2=" ">
    <subfield code="a">La energ&#xED;a interior de la conciencia, 9.-- Teor&#xED;a de la creaci&#xF3;n. La imagen y el concepto en la gestaci&#xF3;n de la creaci&#xF3;n, 15.-- Expresi&#xF3;n de la belleza y el sentido. La belleza de la forma y el concepto, 29.-- Realidad, intuici&#xF3;n y creatividad. Lenguaje, conciencia y sabidur&#xED;a, 37.-- La dimensi&#xF3;n intelectual y est&#xE9;tica en el proceso de la creaci&#xF3;n, 47.-- La forma y el sentido en el proceso de la creaci&#xF3;n, 55.-- Dimensi&#xF3;n conceptual y est&#xE9;tica en la creaci&#xF3;n literaria, 61.-- Factores espirituales y est&#xE9;ticos en la gestaci&#xF3;n de la creaci&#xF3;n, 73.-- La dimensi&#xF3;n ling&#xFC;&#xED;stica y literaria en el arte de la creaci&#xF3;n verbal, 87.-- Cotidianidad y trascendencia en la creaci&#xF3;n literaria, 93.-- Intuici&#xF3;n, inspiraci&#xF3;n y creaci&#xF3;n. Impulso y energ&#xED;a creadora, 105.-- Intuici&#xF3;n, inspiraci&#xF3;n y revelaci&#xF3;n. El desarrollo del talento creador, 113.-- Intuici&#xF3;n y reflexi&#xF3;n en el proceso de la creaci&#xF3;n, 125.-- La intuici&#xF3;n y la sensibilidad en el arte de la creaci&#xF3;n, 133.-- Vertientes de la creatividad en la obra de creaci&#xF3;n, 149.-- La intuici&#xF3;n de la belleza en el proceso de la creaci&#xF3;n, 161.-- La intuici&#xF3;n del sentido en el proceso de la creaci&#xF3;n, 175.-- La revelaci&#xF3;n del numen en la conciencia y la creaci&#xF3;n, 185.-- La belleza y el sentido en la gestaci&#xF3;n de la creaci&#xF3;n, 191.-- Impulso de la creaci&#xF3;n y energ&#xED;a de la creatividad, 203.-- Voz personal y voz universal en el arte de la creaci&#xF3;n, 211.-- Vertiente emotiva y conceptual de la creaci&#xF3;n literaria, 223.-- La emoci&#xF3;n est&#xE9;tica en el proceso de la creaci&#xF3;n, 233.-- El aliento conceptual y est&#xE9;tico en el proceso de la creaci&#xF3;n, 239.-- La voz interior y la voz universal en la creaci&#xF3;n literaria, 249.-- La voz de la revelaci&#xF3;n en la obra de creaci&#xF3;n, 261.-- Estudios literarios. Estirpe de la palabra inspiradora. La poes&#xED;a de Hugo Tolentino Dipp, 275.-- Emoci&#xF3;n est&#xE9;tica y aliento reflexivo en la poes&#xED;a de Pedro Jos&#xE9; Gris, 285.-- Conciencia espiritual y est&#xE9;tica de Guillermo P&#xE9;rez Castillo, 293.-- La imaginaci&#xF3;n metaf&#xED;sica en la l&#xED;rica de Pedro Ovalles, 303.-- La pasi&#xF3;n amorosa y est&#xE9;tica en la l&#xED;rica de Carmen Compr&#xE9;s, 315.-- La conexi&#xF3;n c&#xF3;smica en la l&#xED;rica de Conny Palacios, 327.-- Fundamento est&#xE9;tico del interiorismo. Conciencia, interioridad y creaci&#xF3;n, 347.-- Cartas y correos literarios. Temas interioristas y literarios, 375.-- Conclusi&#xF3;n, 479.</subfield>
  </datafield>
  <datafield tag="590" ind1=" " ind2=" ">
    <subfield code="a">Inventariado, 2023/VM</subfield>
  </datafield>
  <datafield tag="650" ind1=" " ind2="4">
    <subfield code="a">Creaci&#xF3;n literaria, art&#xED;stica, etc.</subfield>
  </datafield>
  <datafield tag="650" ind1=" " ind2="4">
    <subfield code="a">Filosof&#xED;a del arte</subfield>
  </datafield>
  <datafield tag="650" ind1=" " ind2="4">
    <subfield code="a">Literatura dominicana</subfield>
    <subfield code="x">Cr&#xED;tica e interpretaci&#xF3;n</subfield>
  </datafield>
  <datafield tag="650" ind1=" " ind2="4">
    <subfield code="a">Movimientos literarios</subfield>
    <subfield code="y">Cr&#xED;tica e interpretaci&#xF3;n</subfield>
  </datafield>
  <datafield tag="650" ind1=" " ind2="4">
    <subfield code="a">Literatura </subfield>
    <subfield code="v">Ense&#xF1;anza.</subfield>
  </datafield>
  <datafield tag="700" ind1="1" ind2=" ">
    <subfield code="a">Enrique Garc&#xED;a, Jos&#xE9; </subfield>
    <subfield code="e">ed.</subfield>
  </datafield>
  <datafield tag="910" ind1=" " ind2=" ">
    <subfield code="a">VMateo V. Control de calidad (BPMSU)</subfield>
  </datafield>
  <datafield tag="942" ind1=" " ind2=" ">
    <subfield code="2">ddc</subfield>
    <subfield code="c">BK</subfield>
  </datafield>
  <datafield tag="952" ind1=" " ind2=" ">
    <subfield code="0">0</subfield>
    <subfield code="1">0</subfield>
    <subfield code="2">ddc</subfield>
    <subfield code="4">0</subfield>
    <subfield code="7">0</subfield>
    <subfield code="8">CD</subfield>
    <subfield code="a">BPMET</subfield>
    <subfield code="b">BPMET</subfield>
    <subfield code="d">2023-05-05</subfield>
    <subfield code="o">BPMSU CD 801.93 R789b 2012</subfield>
    <subfield code="p">BPMSU23050007</subfield>
    <subfield code="r">2023-05-05</subfield>
    <subfield code="w">2023-05-05</subfield>
    <subfield code="y">BK</subfield>
  </datafield>
  <datafield tag="999" ind1=" " ind2=" ">
    <subfield code="c">14390</subfield>
    <subfield code="d">14390</subfield>
  </datafield>
</record>
